Identities on the move : clanship and pastoralism in northern Kenya /

Saved in:
書目詳細資料
主要作者: Schlee, Gunther
企業作者: International African institute
其他作者: International African library,5
格式: 圖書
語言:英语
出版: Nairobi : Gideon S. Were Press, 1994.
主題:
標簽: 添加標簽
沒有標簽, 成為第一個標記此記錄!

MARC

LEADER 00000cam a22000002a 4500
001 0000009118
003 DAYSTAR
005 20181112143607.0
008 030703s1994 xx 001 0 eng d
952 |0 0  |1 0  |4 0  |6 GN_407_700000000000000_S37  |7 0  |9 4062  |a DUA  |b DUA  |c AFR  |d 2017-09-28  |l 0  |o AFR GN407.7.S37  |p BK013592  |r 2017-09-28 00:00:00  |t c.  |w 2017-09-28  |x 051416  |y AFR 
999 |c 2673  |d 2673 
020 |a 9966852204 
040 |a Daystar  |d BNjogu  |c DUL 
050 0 0 |a GN407.7  |b .S37 
100 1 |a Schlee, Gunther.  |9 4119 
245 1 0 |a Identities on the move :  |b clanship and pastoralism in northern Kenya /  |c Gunther Schlee. 
260 |a Nairobi :  |b Gideon S. Were Press,  |c 1994. 
300 |a 278 p. 
650 0 |a Kenya  |x Ethnic groups.  |9 4120 
700 1 |a International African library,5.  |9 4121 
710 2 |a International African institute.  |9 4122 
908 |a 060412 
942 |c AFR  |2 lcc